000 00891nam a2200193 a 4500
008 120712s1989 ||||||||||||||||| || u
020 _a0198252277
050 _aKJ 651 Sch
100 _aSchmidt, Markus G
245 1 0 _aCommon heritage or common burden?: the United States position on the development of a regime for deap sea-bed mining in the Law of the Sea Convention
_cMarkus G. Schmidt
260 _aOxford
_bClarendon
_c1989
300 _axvi, 366p.
500 _aBibliography
650 _aOCEAN BOTTOM--LAW AND LEGISLATION
650 _aOCEAN MINING--LAW AND LEGISLATION--UNITED STATES
650 _aCOMMON HERITAGE OF MANKIND (INTERNATIONAL LAW)
650 _aMARINE RESOURCE CONSERVATION--LAW AND LEGISLATION--UNITED STATES
995 _aSPECIAL COLLECTIONS
_e500083
_FCBU-DAG HAMMARSKJOLD INSTITUTE LIBRARY
_jDAG KJ 651 Sch
_M1
_UAVAILABLE
_WAug 27, 2012
_y500083
_ZDHIPS Book Collection
999 _c160
_d160